00468nam a2200157Ia 4500003000900000008004100009020001600050040001600066080002000082245007900102260003400181300001000215650004100225650001600266700002800282IN-BaIIA211028s9999 xx 000 0 eng d a900414-03-0 cIIA Library a77(058)bBJB-73 4aThe British journal of photography annual 1973cedited by Geoffery Carwley aLondonbHenry Greenwoodc1973 a232p. aAstronomy and astrophysics thesaurus aPhotography aCrawley, Geoffrey., ed.